[Event "66th ch-RUS HL w 2016"]
[Site "Kolomna RUS"]
[Date "2016.06.25"]
[Round "4.7"]
[White "Kovanova, Baira"]
[Black "Maltsevskaya, Aleksandra"]
[Result "1/2-1/2"]
[WhiteTitle "WGM"]
[WhiteElo "2382"]
[BlackElo "2285"]
[WhiteFideId "4164083"]
[BlackFideId "24174041"]
[EventDate "2016.06.22"]

1. d4 Nf6 2. c4 g6 3. Nc3 Bg7 4. Nf3 O-O 5. Bg5 h6 6. Bh4 d6 7. e3 Nbd7 8. Be2
b6 9. h3 Bb7 10. Qc2 e5 11. O-O exd4 12. exd4 Re8 13. d5 a5 14. Rad1 Nc5 15. Nd4
Bc8 16. Bf3 Bd7 17. Ncb5 Qc8 18. Rfe1 Qb7 19. b3 Rac8 20. a3 Qb8 21. b4 Na6 22.
Qd2 axb4 23. axb4 Rxe1+ 24. Rxe1 Re8 25. Ra1 Qc8 26. Na7 Qb7 27. Nac6 Qc8 28.
Qa2 Nb8 29. Rd1 g5 30. Bg3 Ne4 31. Bxe4 Rxe4 32. b5 Nxc6 33. Nxc6 Qe8 34. Kh2 h5
35. f3 Re2 36. Rd2 Rxd2 37. Qxd2 h4 38. Bf2 Bxc6 39. bxc6 Be5+ 40. g3 hxg3+ 41.
Bxg3 Bxg3+ 42. Kxg3 Qe5+ 43. Kg4 f6 44. f4 Qe4 45. Kg3 gxf4+ 46. Qxf4 Qd3+ 47.
Kh4 Qh7+ 48. Kg4 1/2-1/2

[Event "66th ch-RUS HL w 2016"]
[Site "Kolomna RUS"]
[Date "2016.06.25"]
[Round "4.8"]
[White "Charochkina, Daria"]
[Black "Maslova, Polina"]
[Result "1-0"]
[WhiteTitle "IM"]
[BlackTitle "WFM"]
[WhiteElo "2359"]
[BlackElo "2249"]
[WhiteFideId "4180917"]
[BlackFideId "24178772"]
[EventDate "2016.06.22"]

1. Nf3 d5 2. g3 c6 3. Bg2 Bg4 4. c4 e6 5. O-O Nf6 6. d3 Bd6 7. h3 Bh5 8. Nc3
Nbd7 9. cxd5 cxd5 10. g4 Bg6 11. e4 O-O 12. Qe2 dxe4 13. dxe4 Bb4 14. Nd4 Nc5
15. Rd1 Qb6 16. Ndb5 a6 17. Nd6 Rfd8 18. Bf4 Ne8 19. Nc4 Qa7 20. Be3 b5 21. Ne5
Qc7 22. Nxg6 hxg6 23. Rac1 Qe7 24. e5 Rac8 25. Rxd8 Rxd8 26. a3 Bxc3 27. Rxc3
Nd7 28. f4 g5 29. fxg5 g6 30. h4 Rb8 31. h5 Nb6 32. Bxb6 Rxb6 33. Rc8 Qd7 34.
Qc2 gxh5 35. Qc5 Kg7 36. Rxe8 1-0

[Event "66th ch-RUS HL w 2016"]
[Site "Kolomna RUS"]
[Date "2016.06.25"]
[Round "4.9"]
[White "Gritsayeva, Oksana"]
[Black "Samdanova, Surena"]
[Result "1-0"]
[WhiteTitle "WFM"]
[WhiteElo "2336"]
[BlackElo "2060"]
[WhiteFideId "14104652"]
[BlackFideId "24136646"]
[EventDate "2016.06.22"]

1. e4 c5 2. Nf3 Nc6 3. Bb5 g6 4. Bxc6 bxc6 5. O-O Bg7 6. Re1 Rb8 7. c3 Nf6 8. e5
Nd5 9. c4 Nc7 10. b3 O-O 11. Bb2 d6 12. exd6 exd6 13. Bxg7 Kxg7 14. Nc3 Ne6 15.
d4 Qa5 16. Rc1 cxd4 17. Nxd4 Nf4 18. c5 Qxc5 19. Ne4 Qd5 20. Qd2 Rb6 21. Qxf4
Qxd4 22. Qxd6 Rd8 23. Qc7 Bf5 24. Ng3 Bc8 25. Qxa7 Rd7 26. Qa5 Ra6 27. Qg5 Qd5
28. Nh5+ Kf8 29. Qh6+ 1-0

[Event "66th ch-RUS HL w 2016"]
[Site "Kolomna RUS"]
[Date "2016.06.25"]
[Round "4.10"]
[White "Solozhenkina, Elizaveta"]
[Black "Belenkaya, Dina"]
[Result "1/2-1/2"]
[WhiteTitle "WFM"]
[BlackTitle "WFM"]
[WhiteElo "2123"]
[BlackElo "2299"]
[WhiteFideId "34106615"]
[BlackFideId "24142654"]
[EventDate "2016.06.22"]

1. e4 c6 2. d4 d5 3. Nc3 dxe4 4. Nxe4 Bf5 5. Ng3 Bg6 6. h4 h6 7. Nf3 Nd7 8. h5
Bh7 9. Bd3 Bxd3 10. Qxd3 e6 11. Bd2 Ngf6 12. O-O-O Be7 13. Kb1 Qb6 14. Ne4 Nxe4
15. Qxe4 Nf6 16. Qe2 Qb5 17. Qxb5 cxb5 18. Ne5 O-O 19. g4 Nd5 20. f4 Bd6 21.
Rde1 Rfe8 22. g5 Bxe5 23. Rxe5 f6 24. Re2 Kf7 25. Rg1 f5 26. gxh6 gxh6 27. Rg6
Nf6 28. Re5 a6 29. d5 Rad8 30. c4 Nxh5 31. Rxh6 Ng7 32. Ba5 Rd7 33. dxe6+ Rxe6
34. Rhxe6 Nxe6 35. cxb5 axb5 36. Bc3 Nc7 37. Rxf5+ Ke6 38. Re5+ Kd6 39. Re2 Nd5
40. Be5+ Ke6 41. Rd2 Rh7 42. a3 Rh3 43. Bb8 Rf3 44. Rd4 Rf2 45. Kc1 Rf3 46. Kd2
Rf2+ 47. Ke1 Rxb2 48. f5+ Kxf5 49. Rxd5+ Ke4 50. Re5+ Kd4 51. Re7 Ra2 52. Bd6
Kd5 53. Bb4 b6 54. Rd7+ Kc6 55. Rd6+ Kc7 56. Kd1 Rg2 57. Rf6 Kb7 58. Kc1 Ra2 59.
Kb1 Re2 60. Bc3 Re4 61. Kb2 Rc4 62. Kb3 Rc6 63. Rf2 Re6 64. Rc2 Re4 65. Bb4 Re3+
66. Kb2 Re6 67. Rd2 Re3 68. Rd7+ Kc6 69. Rd6+ Kc7 70. Rf6 Re2+ 71. Kb3 Re4 72.
Kc3 Kb7 73. Rf5 Ka6 74. Kd3 Rc4 75. Bc3 Rc6 76. Rf7 Rc8 77. Bd4 Rc6 78. Rd7 Re6
79. Rf7 Rc6 80. Re7 Rh6 81. Be3 Rd6+ 82. Ke2 Rf6 83. Rd7 Re6 84. Kd3 Rf6 85. Kd4
Rc6 86. Kd3 Rf6 87. Re7 Rd6+ 88. Ke4 b4 89. axb4 Kb5 90. Rb7 Kxb4 91. Bxb6 Kc4
92. Rc7+ Kb5 93. Bd4 Rc6 94. Rb7+ Kc4 95. Rb1 Re6+ 96. Be5 Rc6 97. Rb2 Rc5 98.
Bd4 Rc6 99. Ke5 Rg6 100. Rc2+ Kd3 101. Rc3+ Kd2 102. Ra3 Rg4 103. Kd5 Ke2 104.
Re3+ Kf2 105. Kc4 Kg2 106. Re1 Kf3 107. Kd5 Rg5+ 108. Be5 Rf5 109. Rg1 Ke3 110.
Rg4 Rf3 111. Ra4 Kd3 112. Rb4 Ke3 113. Bd4+ Kd3 114. Rb3+ Ke2 115. Rb2+ Kd3 116.
Ke5 Rf7 117. Rb3+ Kc4 118. Rc3+ Kb5 119. Rc5+ Kb4 120. Ke4 Re7+ 121. Kd3 Rd7
122. Rc6 Rb7 123. Rc5 Rf7 124. Rc6 Rb7 125. Rc2 Kb5 126. Ke4 Re7+ 127. Kd5 Rd7+
128. Ke5 Rh7 129. Kd6 Rb7 130. Be5 Rb6+ 131. Kd5 Rb7 132. Bd6 Kb6 133. Ra2 Kb5
134. Rc2 Kb6 135. Rc1 Kb5 136. Bc7 Ka4 137. Kc6 Rb2 138. Kc5 Kb3 139. Be5 Rc2+
140. Rxc2 Kxc2 1/2-1/2

[Event "66th ch-RUS HL w 2016"]
[Site "Kolomna RUS"]
[Date "2016.06.25"]
[Round "4.11"]
[White "Ubiennykh, Ekaterina"]
[Black "Baraeva, Marina"]
[Result "1-0"]
[WhiteTitle "WIM"]
[BlackTitle "WIM"]
[WhiteElo "2324"]
[BlackElo "2216"]
[WhiteFideId "4137582"]
[BlackFideId "24142573"]
[EventDate "2016.06.22"]

1. d4 d5 2. c4 c6 3. Nf3 Nf6 4. e3 Bg4 5. h3 Bxf3 6. Qxf3 e6 7. a3 Nbd7 8. Nc3
Bd6 9. g4 O-O 10. h4 Qe7 11. g5 Ne8 12. cxd5 exd5 13. Bd3 f5 14. Bd2 Bc7 15. Rc1
Rc8 16. Ne2 Nd6 17. Bb4 a5 18. Bxd6 Bxd6 19. Qh3 Qe6 20. e4 g6 21. h5 gxh5 22.
exf5 Qf7 23. Rg1 Qe8 24. f6 Rc7 25. Qf5 Qg6 26. Qe6+ 1-0

[Event "66th ch-RUS HL w 2016"]
[Site "Kolomna RUS"]
[Date "2016.06.25"]
[Round "4.12"]
[White "Kashlinskaya, Alina"]
[Black "Ustich, Ekaterina"]
[Result "1-0"]
[WhiteTitle "IM"]
[WhiteElo "2467"]
[BlackElo "2007"]
[WhiteFideId "4198026"]
[BlackFideId "24179221"]
[EventDate "2016.06.22"]

1. d4 Nf6 2. c4 e6 3. Nc3 Bb4 4. e3 b6 5. Bd3 Bb7 6. Nf3 Bxc3+ 7. bxc3 Ne4 8.
O-O O-O 9. Ne1 f5 10. f3 Nf6 11. Qe2 d6 12. e4 fxe4 13. fxe4 e5 14. c5 Nbd7 15.
Nf3 bxc5 16. Rb1 Rb8 17. dxe5 Nxe5 18. Nxe5 dxe5 19. Ba3 Qe7 20. Rb5 Nd7 21.
Rfb1 Bc6 22. Bxc5 Qg5 23. Rxb8 Rxb8 24. Rxb8+ Nxb8 25. Qb2 Qd8 26. Qb3+ Kh8 27.
Bxa7 Nd7 28. Qe6 Qa8 29. Be3 Nf8 30. Qxe5 Qxa2 31. Qe7 Ne6 32. Bf1 Qb3 33. Bf2
h6 34. c4 Ng5 35. Bd4 1-0

[Event "66th ch-RUS HL w 2016"]
[Site "Kolomna RUS"]
[Date "2016.06.25"]
[Round "4.13"]
[White "Korchagina, Alena"]
[Black "Savina, Anastasia"]
[Result "0-1"]
[WhiteTitle "WFM"]
[BlackTitle "IM"]
[WhiteElo "2091"]
[BlackElo "2384"]
[WhiteFideId "24173452"]
[BlackFideId "4196872"]
[EventDate "2016.06.22"]

1. d4 Nf6 2. Nf3 g6 3. g3 Bg7 4. Bg2 c5 5. O-O cxd4 6. Qxd4 Nc6 7. Qh4 d5 8. Rd1
Qb6 9. Nc3 Bf5 10. Nxd5 Nxd5 11. Rxd5 Bxc2 12. Ne1 Bf5 13. Rxf5 gxf5 14. Qg5 O-O
15. Qxf5 Nd4 16. Qe4 Rad8 17. Nf3 f5 18. Qd3 Nxf3+ 19. Qxf3 Rd1+ 20. Bf1 Qb4 21.
Bh6 Rxa1 22. Qd5+ Kh8 23. Bxg7+ Kxg7 24. Qe5+ Kg8 25. Qd5+ Rf7 0-1

[Event "66th ch-RUS HL w 2016"]
[Site "Kolomna RUS"]
[Date "2016.06.25"]
[Round "4.14"]
[White "Matiukova, Uliana"]
[Black "Severina, Maria"]
[Result "0-1"]
[BlackTitle "WIM"]
[WhiteElo "2179"]
[BlackElo "2330"]
[WhiteFideId "34100579"]
[BlackFideId "4116909"]
[EventDate "2016.06.22"]

1. d4 Nf6 2. c4 e6 3. Nc3 Bb4 4. e3 c5 5. Ne2 cxd4 6. exd4 O-O 7. a3 Be7 8. Nf4
d6 9. Bd3 Nbd7 10. O-O b6 11. b4 Bb7 12. Bb2 Re8 13. Re1 Bf8 14. Bf1 Rc8 15. Qb3
a6 16. Rad1 g6 17. d5 e5 18. Nh3 Nh5 19. Bc1 Ng7 20. Bh6 Nf5 21. Bxf8 Rxf8 22.
Ne4 Qc7 23. Nhg5 h6 24. Nf3 Qb8 25. g4 Ng7 26. g5 f5 27. gxf6 Nxf6 28. Bh3 Rcd8
29. Nh4 Nxe4 30. Rxe4 g5 31. Ng6 Rf7 32. Bg4 Bc8 33. h4 h5 34. Bxc8 Qxc8 35. Qd3
Qf5 36. Re2 Qg4+ 37. Kf1 Nf5 38. Ke1 Nd4 39. Nxe5 dxe5 40. Qg6+ Rg7 0-1

[Event "66th ch-RUS HL w 2016"]
[Site "Kolomna RUS"]
[Date "2016.06.25"]
[Round "4.15"]
[White "Alekseeva, Irina"]
[Black "Travkina, Anastasia"]
[Result "0-1"]
[BlackTitle "WFM"]
[WhiteElo "2161"]
[BlackElo "2267"]
[WhiteFideId "24178683"]
[BlackFideId "24129151"]
[EventDate "2016.06.22"]

1. e4 e5 2. Nf3 Nc6 3. Bc4 Nf6 4. d3 h6 5. c3 d6 6. h3 g6 7. Nbd2 Bg7 8. Nf1 O-O
9. Bb3 d5 10. Qe2 Be6 11. Bc2 Nh5 12. g3 Qd7 13. h4 f5 14. exf5 Bxf5 15. Ne3 e4
16. dxe4 Bxe4 17. Bxe4 dxe4 18. Nd2 Ne5 19. Rf1 Rad8 20. Nc2 Nf3+ 21. Nxf3 exf3
22. Qc4+ Kh7 23. Ne3 Rfe8 24. Qb3 Qd3 0-1

[Event "66th ch-RUS HL w 2016"]
[Site "Kolomna RUS"]
[Date "2016.06.25"]
[Round "4.16"]
[White "Mikhailova, Lubov"]
[Black "Zaiatz, Elena"]
[Result "0-1"]
[BlackTitle "IM"]
[WhiteElo "2051"]
[BlackElo "2344"]
[WhiteFideId "4164296"]
[BlackFideId "4139518"]
[EventDate "2016.06.22"]

1. c4 e6 2. Nf3 d5 3. b3 Be7 4. Bb2 Bf6 5. Qc2 dxc4 6. bxc4 c5 7. g3 Nc6 8. Bg2
Nh6 9. O-O O-O 10. Bxf6 Qxf6 11. Nc3 Qe7 12. e3 Rd8 13. a3 Rb8 14. Rfd1 Nf5 15.
Ne2 e5 16. Nc3 f6 17. Nd5 Qf7 18. h3 Be6 19. g4 Nd6 20. d3 Ne7 21. Nc7 Bc8 22.
d4 cxd4 23. exd4 e4 24. Nd2 Nc6 25. Nd5 f5 26. Qc3 fxg4 27. Nxe4 gxh3 28. Ng5
Qg6 29. Nxh3 Ne4 30. Qe3 Bxh3 31. Qxe4 Qxg2+ 32. Qxg2 Bxg2 33. Kxg2 b5 34. cxb5
Rxb5 35. Nc3 Rg5+ 36. Kf1 Rxd4 37. Rxd4 Nxd4 38. Rd1 Nc6 39. Ke2 Re5+ 40. Kf3
Rc5 41. Ne2 Ra5 42. Ra1 Kf7 43. a4 Kf6 44. Nc3 g5 45. Rd1 Kf5 46. Rd6 Ne5+ 47.
Kg2 h5 48. Rh6 Ng6 49. Ne2 h4 50. Nc3 Nf4+ 51. Kh2 Rc5 52. Nd1 Ke4 53. Ne3 Kf3
54. Nd1 Rd5 0-1

[Event "66th ch-RUS HL w 2016"]
[Site "Kolomna RUS"]
[Date "2016.06.25"]
[Round "4.17"]
[White "Diakonova, Ekaterina"]
[Black "Potapova, Margarita"]
[Result "1/2-1/2"]
[BlackTitle "WFM"]
[WhiteElo "2212"]
[BlackElo "2061"]
[WhiteFideId "24172936"]
[BlackFideId "14126869"]
[EventDate "2016.06.22"]

1. e4 c5 2. Nf3 d6 3. Bb5+ Nc6 4. Bxc6+ bxc6 5. O-O e5 6. c3 Nf6 7. d4 cxd4 8.
cxd4 exd4 9. Qxd4 Be7 10. e5 dxe5 11. Qxd8+ Bxd8 12. Nxe5 Bb7 13. Na3 O-O 14.
Nac4 Bc7 15. b3 Rad8 16. Bg5 Rfe8 17. Bxf6 gxf6 18. Ng4 Kg7 19. Nge3 Kg6 20.
Rfd1 c5 21. Rac1 Rd4 22. Nb2 Bf4 23. Nd3 Bd6 24. Nc4 Rd8 25. Nxd6 R8xd6 26. Nb2
Rd2 27. Rxd2 Rxd2 28. Na4 Rxa2 29. Nxc5 Bd5 30. h3 a5 31. Rd1 Be6 32. Rd6 Rb2
33. Ra6 Bxb3 34. Rxa5 Bc4 35. Ne4 Bd3 36. Nd6 Rb1+ 37. Kh2 Rb2 38. Kg3 Rb3 39.
Kh2 Rb2 40. Kg3 Rb3 41. Kh2 1/2-1/2

[Event "66th ch-RUS HL w 2016"]
[Site "Kolomna RUS"]
[Date "2016.06.25"]
[Round "4.18"]
[White "Chernyak, Viktoria"]
[Black "Lysenko, Margarita"]
[Result "1/2-1/2"]
[WhiteTitle "WFM"]
[BlackTitle "WFM"]
[WhiteElo "2196"]
[BlackElo "2097"]
[WhiteFideId "24165956"]
[BlackFideId "34100200"]
[EventDate "2016.06.22"]

1. d4 d5 2. c4 c6 3. Nf3 Nf6 4. Nc3 a6 5. e3 b5 6. c5 Bg4 7. Qb3 Nbd7 8. a4 Bxf3
9. gxf3 e5 10. Qa3 b4 11. Qxb4 Rb8 12. Qa3 a5 13. Bd2 g6 14. Bh3 Bg7 15. Ne2
exd4 16. exd4 O-O 17. O-O Rb7 18. Rab1 Nh5 19. Qd3 Ra7 20. b4 axb4 21. Rxb4 f5
22. Rfb1 Qa8 23. Qb3 Re8 24. Bf1 Nf8 25. h3 h6 26. Rb2 Kh7 27. Qc2 Ne6 28. Qb1
Rxa4 29. Rb8 Rxb8 30. Rxb8 Qa7 31. Rb7 Qa8 32. Rb8 Qa7 33. Rb7 Qa8 34. Rb8 Qa7
35. Rb7 Qa8 36. Rb8 Qa7 1/2-1/2

[Event "66th ch-RUS HL w 2016"]
[Site "Kolomna RUS"]
[Date "2016.06.25"]
[Round "4.19"]
[White "Khazieva, Elza"]
[Black "Gvanceladze, Anna"]
[Result "1-0"]
[WhiteTitle "WFM"]
[BlackTitle "WFM"]
[WhiteElo "2128"]
[BlackElo "2179"]
[WhiteFideId "4100166"]
[BlackFideId "4113721"]
[EventDate "2016.06.22"]

1. e4 c6 2. d4 d5 3. e5 c5 4. dxc5 Nc6 5. a3 e6 6. Nf3 Bxc5 7. b4 Bb6 8. Bd3
Nge7 9. O-O Ng6 10. Re1 Qc7 11. Bb2 a5 12. b5 Nb8 13. Nbd2 Nd7 14. a4 Nc5 15.
Nb3 Nxb3 16. cxb3 Bc5 17. Rc1 b6 18. Ba3 Bb7 19. b4 axb4 20. Bxb4 Qe7 21. Bxc5
bxc5 22. b6 Bc6 23. Ra1 O-O 24. a5 Rfb8 25. Qc2 c4 26. Bxg6 fxg6 27. Nd4 Bd7 28.
Reb1 Qc5 29. Qc3 Ra6 30. Ra2 Rb7 31. h3 Ra8 32. Nc2 Kf7 33. Rba1 Bb5 34. Qe3
Qxe3 35. fxe3 Ke7 36. Nd4 Bd7 37. Rb1 Ra6 38. Kf2 Rb8 39. Ke2 Rba8 40. Rba1 Rf8
41. Nc2 Rb8 42. Kd2 Raa8 43. Rb2 Ra6 44. Nb4 Raa8 45. a6 Kd8 46. Nc2 g5 47. Kc3
h6 48. Kd4 Be8 49. Kc3 Bd7 50. e4 dxe4 51. Ne3 Bc6 52. Nxc4 Bd5 53. Nd6 Kd7 54.
a7 Rb7 55. Rf1 Kc6 56. Nxb7 Kxb7 57. Rf7+ Ka6 58. b7 1-0

[Event "66th ch-RUS HL w 2016"]
[Site "Kolomna RUS"]
[Date "2016.06.25"]
[Round "4.20"]
[White "Mukhina, Jana"]
[Black "Chkhan, Viktoria"]
[Result "1-0"]
[BlackTitle "WFM"]
[WhiteElo "2017"]
[BlackElo "2164"]
[WhiteFideId "34115428"]
[BlackFideId "4123107"]
[EventDate "2016.06.22"]

1. e4 e6 2. d4 d5 3. Nd2 Be7 4. Bd3 c5 5. dxc5 Nf6 6. Qe2 O-O 7. Ngf3 Nfd7 8.
Nb3 a5 9. a4 Na6 10. e5 Naxc5 11. Nxc5 Nxc5 12. O-O Bd7 13. b3 Rc8 14. Bd2 Qc7
15. Ra2 h6 16. Re1 Ra8 17. Nd4 Rfc8 18. Qg4 Kh8 19. Qh3 Bf8 20. c3 Nxd3 21. Qxd3
Qb6 22. Re3 Qa6 23. Qb1 b5 24. Rf3 Kg8 25. Rg3 bxa4 26. Bxh6 axb3 27. Rb2 Be8
28. Qc1 g6 29. Rh3 f5 30. Bxf8 Kxf8 31. Qh6+ Ke7 32. Qg5+ 1-0

[Event "66th ch-RUS HL w 2016"]
[Site "Kolomna RUS"]
[Date "2016.06.25"]
[Round "4.21"]
[White "Faizutdinova, Diana"]
[Black "Sukhareva, Evgeniya"]
[Result "0-1"]
[WhiteElo "2006"]
[BlackElo "2156"]
[WhiteFideId "24143731"]
[BlackFideId "4167155"]
[EventDate "2016.06.22"]

1. c4 e6 2. e4 c5 3. Nc3 b6 4. f4 Bb7 5. Nf3 d6 6. d3 Nc6 7. Be3 Nf6 8. h3 Nh5
9. g4 Ng3 10. Rg1 Nxf1 11. Rxf1 Be7 12. Qd2 a6 13. g5 Qd7 14. d4 cxd4 15. Nxd4
Na5 16. b3 d5 17. cxd5 Bb4 18. Nc2 Bxc3 19. Qxc3 O-O 20. Bxb6 Rac8 21. Qd2 Nc6
22. Ne3 exd5 23. exd5 Ne7 24. Rd1 Rfe8 25. Kf2 Qd6 26. Qd4 Nxd5 27. Nxd5 Bxd5
28. Qxd5 Qxb6+ 29. Kg3 g6 30. Qd4 Qa5 31. Rf2 Rcd8 32. Qa1 Rc8 33. Qd4 Rcd8 34.
Qa1 Re3+ 35. Kg2 Rde8 36. Qd4 Qf5 37. Rf3 Rxf3 38. Kxf3 Qxh3+ 39. Kf2 Qh2+ 40.
Kf3 Qe2+ 41. Kg3 Re3+ 0-1

[Event "66th ch-RUS HL w 2016"]
[Site "Kolomna RUS"]
[Date "2016.06.25"]
[Round "4.22"]
[White "Drogovoz, Irina"]
[Black "Rodionova, Polina"]
[Result "1/2-1/2"]
[WhiteTitle "WIM"]
[BlackTitle "WFM"]
[WhiteElo "2143"]
[BlackElo "1981"]
[WhiteFideId "4176715"]
[BlackFideId "24102555"]
[EventDate "2016.06.22"]

1. d4 Nf6 2. Nf3 g6 3. c4 Bg7 4. Nc3 O-O 5. e4 d6 6. h3 c5 7. d5 e6 8. Bd3 exd5
9. exd5 Re8+ 10. Be3 Bh6 11. O-O Bxe3 12. fxe3 Qe7 13. e4 a6 14. Qd2 Kg7 15. Rf2
Rf8 16. Raf1 Ne8 17. Nd1 Nd7 18. Ne3 Ne5 19. Qc3 f6 20. Be2 Bd7 21. b4 Nxf3+ 22.
Bxf3 Rc8 23. a3 Qe5 24. Qc1 b5 25. Rc2 cxb4 26. axb4 bxc4 27. Nxc4 Qd4+ 28. Kh1
f5 29. Rd1 Qf6 30. Nb6 Rxc2 31. Qxc2 Bb5 32. Nc4 fxe4 33. Qxe4 Qf4 34. Qd4+ Kg8
35. Na5 Bd7 36. Nc6 Qxd4 37. Nxd4 Nf6 38. Nc6 Re8 39. Kg1 Kf7 40. Ra1 Bc8 41.
Nb8 1/2-1/2

[Event "66th ch-RUS HL w 2016"]
[Site "Kolomna RUS"]
[Date "2016.06.25"]
[Round "4.23"]
[White "Bocharova, Ulyana"]
[Black "Nasybullina, Alfia"]
[Result "1/2-1/2"]
[BlackTitle "WFM"]
[WhiteElo "1894"]
[BlackElo "2143"]
[WhiteFideId "24174513"]
[BlackFideId "4132416"]
[EventDate "2016.06.22"]

1. c4 e6 2. Nc3 d5 3. cxd5 exd5 4. d4 c6 5. Bf4 Bd6 6. Bxd6 Qxd6 7. e3 Nf6 8.
Nf3 O-O 9. h3 Bf5 10. Bd3 Bxd3 11. Qxd3 Nbd7 12. O-O Rfe8 13. Rac1 Ne4 14. Nd2
f5 15. Ncxe4 fxe4 16. Qb3 Rab8 17. Qa4 a6 18. b4 Re6 19. Qb3 Rbe8 20. a4 Rh6 21.
f4 exf3 22. Rxf3 Rf6 23. Rcf1 Ref8 24. e4 Rxf3 25. Rxf3 Nb6 26. a5 Qh6 27. Rxf8+
Kxf8 28. Qf3+ Kg8 29. Nb3 dxe4 30. Qxe4 Nd7 31. Nc5 Nf6 32. Qe6+ Kh8 33. Qc8+
Ng8 34. Ne6 Qf6 35. Qd7 h6 36. Nc5 Qh4 37. Nxb7 Qe1+ 38. Kh2 Qxb4 39. Qxc6 Qxd4
40. Qxa6 Qe5+ 41. Kg1 Qe3+ 42. Kf1 Qc1+ 43. Ke2 Nf6 44. Nd6 Qc2+ 45. Ke3 Qc3+
46. Qd3 Qc5+ 47. Kf3 Qh5+ 48. Kf2 Qh4+ 49. Ke2 Qh5+ 50. Kf2 Qh4+ 1/2-1/2

[Event "66th ch-RUS HL w 2016"]
[Site "Kolomna RUS"]
[Date "2016.06.25"]
[Round "4.24"]
[White "Lingur, Zalina"]
[Black "Abakarova, Amina"]
[Result "1-0"]
[WhiteTitle "WFM"]
[WhiteElo "2182"]
[BlackElo "1898"]
[WhiteFideId "34165670"]
[BlackFideId "34175889"]
[EventDate "2016.06.22"]

1. e4 e6 2. d4 d5 3. Nd2 c5 4. exd5 Qxd5 5. Ngf3 Nc6 6. Bc4 Qd8 7. Nb3 cxd4 8.
O-O Nf6 9. Qe2 Be7 10. Rd1 Qc7 11. Nbxd4 Nxd4 12. Rxd4 Bc5 13. Rh4 Bd7 14. Bf4
Qb6 15. Ne5 Bc6 16. Nxf7 Bxf2+ 17. Kf1 O-O 18. Nh6+ Kh8 19. Qxf2 Qxf2+ 20. Kxf2
gxh6 21. Kg1 h5 22. Be5 b5 23. Bd3 Rf7 24. Rf1 Raf8 25. Rxh5 Kg8 26. Rg5+ Rg7
27. Rxg7+ Kxg7 28. g4 h6 29. h4 1-0

[Event "66th ch-RUS HL w 2016"]
[Site "Kolomna RUS"]
[Date "2016.06.25"]
[Round "4.25"]
[White "Selifonova, Aleksandra"]
[Black "Shaydullina, Sandugach"]
[Result "1/2-1/2"]
[BlackTitle "WGM"]
[WhiteElo "1980"]
[BlackElo "2110"]
[WhiteFideId "24115983"]
[BlackFideId "4140389"]
[EventDate "2016.06.22"]

1. e4 c5 2. Nf3 Nc6 3. d4 cxd4 4. Nxd4 Nf6 5. Nc3 d6 6. f3 e5 7. Nb3 Be7 8. Be3
O-O 9. Qd2 a5 10. Bb5 Be6 11. Rd1 Na7 12. Be2 Nc8 13. Nd5 Nxd5 14. exd5 Bf5 15.
Bd3 Bxd3 16. Qxd3 f5 17. O-O f4 18. Bf2 Rf6 19. Nd2 Rh6 20. Ne4 Bh4 21. g3 Be7
22. Kg2 Qd7 23. g4 b5 24. h4 Bxh4 25. Rh1 Bd8 26. Rxh6 gxh6 27. Rh1 Qg7 28. Qxb5
Bg5 29. Qe8+ Qf8 30. Qxf8+ Kxf8 31. Nxg5 hxg5 32. Rxh7 Ne7 33. Bb6 Rc8 34. c3
Rb8 35. Bxa5 Rxb2+ 36. Kg1 Rxa2 37. Bb4 Ra1+ 38. Kf2 Ra2+ 39. Ke1 Nxd5 40. Bxd6+
Ke8 41. Bxe5 Ne3 42. Bf6 Ng2+ 43. Kd1 Ne3+ 44. Kc1 Rf2 45. Rh3 Nd5 46. Bd4 Ne3
47. Bf6 Nd5 48. Bxg5 Nxc3 49. Bf6 Ne2+ 50. Kd1 Ng3 51. g5 Kf7 52. Be5 Rf1+ 53.
Kc2 Rxf3 54. Bxf4 1/2-1/2

[Event "66th ch-RUS HL w 2016"]
[Site "Kolomna RUS"]
[Date "2016.06.27"]
[Round "5.1"]
[White "Bivol, Alina"]
[Black "Pustovoitova, Daria"]
[Result "0-1"]
[WhiteTitle "WIM"]
[BlackTitle "FM"]
[WhiteElo "2359"]
[BlackElo "2297"]
[WhiteFideId "4100123"]
[BlackFideId "4182146"]
[EventDate "2016.06.22"]

1. e4 e5 2. Nf3 Nf6 3. Nc3 Nc6 4. Be2 d5 5. exd5 Nxd5 6. O-O Nxc3 7. bxc3 e4 8.
Nd4 Nxd4 9. cxd4 Qxd4 10. c3 Qd5 11. d3 Be7 12. dxe4 Qxe4 13. Bb5+ c6 14. Re1
Qh4 15. Bd3 Be6 16. g3 Qg4 17. Qxg4 Bxg4 18. Rb1 b6 19. Be4 Rc8 20. a4 Be6 21.
Be3 Bd8 22. a5 bxa5 23. Bc5 Be7 24. Bxe7 Kxe7 25. Rb7+ Kd6 26. Ra1 Rc7 27. Rbb1
Kc5 28. Bd3 Rd8 29. Rxa5+ Kd6 30. Rba1 Rdd7 31. Kf1 g6 32. Ra6 Ke5 33. Ke2 c5
34. Bb5 Re7 35. c4 Bxc4+ 36. Bxc4 Kd4+ 37. Kf3 Kxc4 38. Kf4 Kd3 39. R6a3+ Kd4
40. Rd1+ Kc4 41. Rda1 Kd5 42. Rd1+ Kc6 43. Rc1 Rb7 44. Ra5 Rb5 45. Ra6+ Kb7 46.
Rca1 Kb8 47. Rc6 a5 48. Ra6 Kb7 49. R6xa5 Rxa5 50. Rxa5 Kb6 51. Ra8 c4 52. Rb8+
Kc5 53. Rc8+ Kb4 54. h4 c3 55. Kg5 Kb3 56. f4 h5 57. Kf6 Re3 58. Kxf7 Rxg3 59.
Kf6 c2 0-1

[Event "66th ch-RUS HL w 2016"]
[Site "Kolomna RUS"]
[Date "2016.06.27"]
[Round "5.2"]
[White "Ovod, Evgenija"]
[Black "Mirzoeva, Elmira"]
[Result "1-0"]
[WhiteTitle "IM"]
[BlackTitle "WGM"]
[WhiteElo "2338"]
[BlackElo "2344"]
[WhiteFideId "4131827"]
[BlackFideId "4127951"]
[EventDate "2016.06.22"]

1. c4 Nf6 2. Nf3 e6 3. d4 c5 4. e3 b6 5. b3 Bb7 6. Bb2 cxd4 7. exd4 Bb4+ 8. Nbd2
O-O 9. a3 Be7 10. Bd3 d5 11. Qe2 Nc6 12. O-O Rc8 13. Rac1 dxc4 14. bxc4 Re8 15.
Rfd1 Bf8 16. Bc2 g6 17. Ba4 Bg7 18. Ne5 a6 19. Ndf3 Bh6 20. Rc3 Qe7 21. Rb3 Nh5
22. g3 Nxe5 23. Nxe5 Red8 24. Rxb6 Qc7 25. c5 Nf6 26. Bc3 Nd5 27. Ba5 Nxb6 28.
Bxb6 Qe7 29. Bxd8 Qxd8 30. c6 Ba8 31. Qxa6 Bf8 32. Nd7 Bd6 33. d5 e5 34. Bb5 Kg7
35. a4 h5 36. Qb6 Qg5 37. Qe3 Qg4 38. f3 Qb4 39. Qd2 Qa3 40. Qd3 Qb4 41. Rb1 Qa5
42. Qe3 f6 43. f4 h4 44. fxe5 fxe5 45. g4 h3 46. g5 Rh8 47. Nf6 Bb8 48. Kh1 Qd8
49. Qe4 Rf8 50. Bd3 Kf7 51. Qxg6+ Ke7 52. Nd7 Qc7 53. Qe6+ 1-0